ბათუმის შოთა რუსთაველის სახელმწიფო უნივერსიტეტის ბიბლიოთეკა

ქიმიის ტერმინოლოგია (რუსულ-ქართული (მასალები)) (ბიბ.ჩანაწერი № 44574)

000 -LEADER
fixed length control field 00805nam a2200193Ia 4500
001 - CONTROL NUMBER
control field 11377
003 - CONTROL NUMBER IDENTIFIER
control field GE_BSU
008 - FIXED-LENGTH DATA ELEMENTS--GENERAL INFORMATION
fixed length control field 181216s||||||||xx |||||||||||||| ||und||
040 ## - CATALOGING SOURCE
Transcribing agency GE_BSU
080 ## - UNIVERSAL DECIMAL CLASSIFICATION NUMBER
Universal Decimal Classification number 54(038)
245 ## - TITLE STATEMENT
Title ქიმიის ტერმინოლოგია (რუსულ-ქართული (მასალები))
245 ## - TITLE STATEMENT
Statement of responsibility, etc. შემდგ. რ. ნიკოლაძე, დ. გვარამაძე რედ: რ. ნიკოლაძე, რ. ღამბაშიძე
260 ## - PUBLICATION, DISTRIBUTION, ETC.
Place of publication, distribution, etc. თბილისი.
260 ## - PUBLICATION, DISTRIBUTION, ETC.
Name of publisher, distributor, etc. მეცნიერება.
260 ## - PUBLICATION, DISTRIBUTION, ETC.
Date of publication, distribution, etc. 1970
300 ## - PHYSICAL DESCRIPTION
Extent 220გვ.22სმ.
653 ## - INDEX TERM--UNCONTROLLED
Uncontrolled term ქიმიის ტერმინოლოგია (რუსულ-ქართული (მასალები))
942 ## - ADDED ENTRY ELEMENTS (KOHA)
Koha item type წიგნი
ეგზემპლარები
Withdrawn status Lost status Damaged status Not for loan Date acquired Barcode Date last seen Price effective from Koha item type
        2018-12-17 19633 2018-12-17 2018-12-17 წიგნი
        2018-12-17 19634 2018-12-17 2018-12-17 წიგნი